01945 a2200241 45000010006000000050017000060080041000230030015000640400040000790800022001192450210001410200022003512500012003732640043003853000019004285050988004470410008014351000028014437000027014716500056014988560099015546500050016534801620260407155746.0260407a2018 arg spa dAR-UNSa-BCEJYS aAR-UNSa-BCEJYSbspacAR-UNSa-BCEJYS a657xContabilidad10aNormas contables para entes pequeños y entes medianospanálisis y aplicación de la Resolución Técnica Nº 41 de la FACPCE, con las modificaciones introducidas por la Resolución Técnica Nº 42 a978-987-716-085-7 a2a. ed. 1aBuenos Aires :bOsmar D. Buyattic2018 a377 p.c22 cm. a1. El principio de devengado en la doctrina y las normas contables - 2. Aplicación del principio de devengado - 3. Alcances de las normas para EP - 4. Aplicación de la norma para EP en relación a la presentación de los estados contables - 5. Normas generales de medición aplicables por los EP - 6. Medición inicial de activos y pasivos - 7. Mediciones periódicas de activos monetarios - 8. Mediciones periódicas de bienes de cambio - 9. Mediciones periódicas de bienes de uso - 10. Mediciones periódicas de propiedades de inversión y otros activos no corrientes retirados para la venta, participaciones permanentes y activos intangibles - 11. Mediciones periódicas de pasivos cancelables en moneda - 12. Mediciones periódicas de pasivos en especie - 13. Patrimonio neto - 14. Resultado del ejercicio - 15. Resolución técnica 42 - 16. Información a exponer en caso de cambio de juego de normas contables a aplicar y adecuaciones necesarias a la RT 8 -  aspa1 aTorres, Carlos Federico1 aSubelet, Carlos Javier aRESOLUCIÓN TÉCNICA 41 RESOLUCIÓN TÉCNICA 4241uhttps://www.biblioeco.unsa.edu.ar/pmb/images/libros/L127763.jpgyImagen de portadaqimage/jpeg a resolucion tecnica 41 resolucion tecnica 42